zpět

Detail výsledku týmu

U Lucerny ST, Brno

Datum a čas kvízu

28 Celkem bodů Celkový počet nahraných bodů na tomto kvízu bez doplňovacích otázek.
9. Pořadí na kvízu Konečné umístění týmu na tomto kvízu.

Zaznamenané odpovědi

# Otázka Odpověď Body Výsledky
1. Pro záslužný čin se rozhodlo v... z Běloruska 1
2. Sestry boromejky v polské Vrat... opilý muž 1
3. Populární anglický zpěvák minu... Ed Sheeran 1
4. Další z diskontních řetězců pů... Penny Market 0
5. Britská média přinesla minulý... West Ham United 1
6. Pojďme se společně chvíli troc... Vilém 1
7. I v nevinně vypadajících hračk... Annabelle 1
8. Máloco člověku způsobilo takov... A) Overlook 1
9. Dokážete správně přiřadit tyto... 1A 2C 3D 4B 0
10. Bílá paní je nejen nadpřirozen... gin 0